[Event "All Day Permanent Red "]
[Site "SchemingMind.com"]
[Date "2006.10.12"]
[Round "-"]
[White "neoliminal"]
[Black "simon_w"]
[Result "0-1"]
[WhiteCountry "CRC"]
[BlackCountry "IRL"]
[WhiteElo "1302"]
[WhiteRD "100"]
[BlackElo "1747"]
[BlackRD "65"]
[GameID "71634"]

1. c4 e5 2. Nf3 Nc6 3. d4 exd4 4. e3 Bb4+ 5. Bd2 dxe3 6. Bxb4 exf2+ 7. Kxf2 Nxb4 8. Qb3 c5 9. Nc3 Ne7 10. Ng5 O-O
11. a3 Nbc6 12. Bd3 Ng6 13. Rae1 Qxg5 14. Re4 d6 15. Rhe1 Bf5 16. R4e3 Qf4+ 17. Kg1 Bxd3 18. Rf3 Qd4+ 19. Kh1 Rae8 20. Qd1 Rxe1+
21. Qxe1 Bxc4 22. b3 Bxb3
0-1

[Event "All Day Permanent Red "]
[Site "SchemingMind.com"]
[Date "2006.10.12"]
[Round "-"]
[White "harmy"]
[Black "spoke"]
[Result "1-0"]
[WhiteCountry "USA"]
[BlackCountry "GER"]
[WhiteElo "1837"]
[WhiteRD "77"]
[BlackElo "1735"]
[BlackRD "59"]
[GameID "71635"]

1. d4 d5 2. c4 e6 3. Nc3 Nf6 4. Bg5 Nbd7 5. e3 h6 6. Bh4 Bb4 7. Nf3 g5 8. Bg3 Ne4 9. Qb3 Nxg3 10. hxg3 Bxc3+
11. Qxc3 Nf6 12. Bd3 dxc4 13. Qxc4 Nd5 14. Ne5 Bd7 15. e4 Nb6 16. Qc5 Rc8 17. Ng4 Qe7 18. Rc1 h5 19. Qe5 Qf8 20. Nf6+
1-0

[Event "All Day Permanent Red "]
[Site "SchemingMind.com"]
[Date "2006.10.13"]
[Round "-"]
[White "simon_w"]
[Black "neoliminal"]
[Result "1-0"]
[WhiteCountry "IRL"]
[BlackCountry "CRC"]
[WhiteElo "1747"]
[WhiteRD "65"]
[BlackElo "1302"]
[BlackRD "100"]
[GameID "71638"]

1. e4 c5 2. Bc4 e6 3. Nc3 a6 4. a4 Nc6 5. Nf3 Bd6 6. O-O h5 7. d3 Ne5 8. Bf4 Nxf3+ 9. Qxf3 Bxf4 10. Qxf4 g5
11. Qe5 Nf6 12. Qxc5 g4 13. Rae1 h4 14. Ne2 Rg8 15. g3 d6 16. Qe3 e5 17. d4 hxg3 18. fxg3 b5 19. axb5 a5 20. dxe5 Nh5
21. Bxf7+ Kd7 22. Bxg8 Qxg8 23. Qh6 Bb7 24. Qxd6+ Kc8 25. Rf8+
1-0

[Event "All Day Permanent Red "]
[Site "SchemingMind.com"]
[Date "2006.10.12"]
[Round "-"]
[White "spoke"]
[Black "harmy"]
[Result "1-0"]
[WhiteCountry "GER"]
[BlackCountry "USA"]
[WhiteElo "1735"]
[WhiteRD "59"]
[BlackElo "1837"]
[BlackRD "77"]
[GameID "71639"]

1. e4 e5 2. Nf3 Nc6 3. Bc4 Bc5 4. d3 Nf6 5. Nc3 d6 6. Bg5 h6 7. Bxf6 gxf6 8. Qd2 Nd4 9. Na4 Be6 10. Bxe6 Nxe6
11. Nxc5 Nxc5 12. Nh4 Qd7 13. Nf5 d5 14. f3 Ne6 15. O-O-O O-O-O 16. Nxh6 dxe4 17. fxe4 Ng5 18. Nf5 Qe6 19. Qa5 Kb8 20. h4 Nh7
21. Kb1 Nf8 22. Ne3 Ng6 23. Nd5 c6 24. Qc7+ Ka8 25. Qxd8+ Rxd8 26. Nc7+ Kb8 27. Nxe6 fxe6 28. g3 Nf8 29. Rdf1 Nh7 30. Rf3 Kc7
31. c3 c5 32. Kc2 Kd6 33. b4 cxb4 34. cxb4 Rg8 35. Rg1 Rg4 36. a4 b6 37. Kc3 Kd7 38. b5 Kd6 39. Kb3 Kd7 40. Ra1 Kd6
41. a5 Rg7 42. Kb4
1-0

[Event "All Day Permanent Red "]
[Site "SchemingMind.com"]
[Date "2006.10.13"]
[Round "-"]
[White "Austin Lockwood"]
[Black "C. H. O'D. Schlechter"]
[Result "0-1"]
[WhiteCountry "ENG"]
[BlackCountry "USA"]
[WhiteElo "1672"]
[WhiteRD "107"]
[BlackElo "2310"]
[BlackRD "68"]
[GameID "71819"]

1. e4 e5 2. Nf3 Nc6 3. Bb5 a6 4. Bxc6 dxc6 5. O-O Bg4 6. h3 h5 7. hxg4 hxg4 8. Nh2 Qh4 9. Re1 Bc5 10. d4 Bxd4
0-1

[Event "All Day Permanent Red "]
[Site "SchemingMind.com"]
[Date "2006.10.14"]
[Round "-"]
[White "Mekk"]
[Black "McKnights"]
[Result "1-0"]
[WhiteCountry "POL"]
[BlackCountry "USA"]
[WhiteElo "1714"]
[WhiteRD "64"]
[BlackElo "1696"]
[BlackRD "62"]
[GameID "71820"]

1. e4 Nc6 2. d4 d5 3. e5 Bf5 4. Be3 e6 5. Nf3 Nge7 6. Nbd2 Be4 7. Nxe4 Nf5 8. Ng3 Nxe3 9. fxe3 Be7 10. c3 O-O
11. Bd3 Bh4 12. Nxh4 Qxh4 13. O-O a6 14. Qh5 Qxh5 15. Nxh5 g6 16. Nf6+ Kg7 17. e4 Ne7 18. exd5 Nxd5 19. Be4 c6 20. Bxd5 cxd5
21. g4 Rfc8 22. g5 b5 23. a3 a5 24. Rfc1 Rc7 25. a4 b4 26. cxb4 Rxc1+ 27. Rxc1 axb4 28. b3 Rb8 29. Kf2 Rb7 30. Rc8 h6
31. Rg8#
1-0

[Event "All Day Permanent Red "]
[Site "SchemingMind.com"]
[Date "2006.10.13"]
[Round "-"]
[White "dogod"]
[Black "Robert Pallett"]
[Result "0-1"]
[WhiteCountry "USA"]
[BlackCountry "ENG"]
[WhiteElo "1121"]
[WhiteRD "84"]
[BlackElo "2279"]
[BlackRD "66"]
[GameID "71821"]

1. e4 c5 2. d4 cxd4 3. Qxd4 Nc6 4. Qd1 Nf6 5. f3 d5 6. exd5 Nxd5 7. Bb5 Qa5+ 8. c3 Qxb5 9. Bd2 Qxb2 10. Na3 Qxa3
11. Ne2 Bf5 12. O-O O-O-O 13. g4 Ne3 14. Bxe3 Rxd1 15. Rfxd1 Bg6 16. Rd2 e5 17. Rad1 Bc5 18. Bxc5 Qxc5+ 19. Kh1 Rd8 20. Rxd8+ Nxd8
21. h4 Qf2 22. Nc1 Qxf3+ 23. Kg1 Qxd1+ 24. Kf2 Qxc1 25. Kf3 Qxc3+ 26. Ke2 Ne6 27. h5 Nf4+ 28. Kf2 Qd2+ 29. Kg3 Qg2+ 30. Kh4 Qh2+
31. Kg5 h6#
0-1

[Event "All Day Permanent Red "]
[Site "SchemingMind.com"]
[Date "2006.10.13"]
[Round "-"]
[White "C. H. O'D. Schlechter"]
[Black "Austin Lockwood"]
[Result "1-0"]
[WhiteCountry "USA"]
[BlackCountry "ENG"]
[WhiteElo "2310"]
[WhiteRD "68"]
[BlackElo "1672"]
[BlackRD "107"]
[GameID "71826"]

1. d4 Nf6 2. c4 e6 3. Nc3 Bb4 4. Qc2 Nc6 5. Nf3 O-O 6. Bg5 h6 7. Bh4 g5 8. Bg3 g4 9. Nh4 Nxd4 10. Qd2 c5
11. Qxh6 Bxc3+ 12. bxc3 Nc2+ 13. Kd1 Nxa1 14. Be5 Qb6 15. Kc1 Nb3+ 16. axb3 Qxb3 17. Qxf6 Qa3+ 18. Kd2 Qa2+ 19. Ke3
1-0

[Event "All Day Permanent Red "]
[Site "SchemingMind.com"]
[Date "2006.10.14"]
[Round "-"]
[White "McKnights"]
[Black "Mekk"]
[Result "1-0"]
[WhiteCountry "USA"]
[BlackCountry "POL"]
[WhiteElo "1696"]
[WhiteRD "62"]
[BlackElo "1714"]
[BlackRD "64"]
[GameID "71827"]

1. e4 c5 2. Nf3 Nc6 3. Nc3 d6 4. d4 cxd4 5. Nxd4 e5 6. Nf3 f5 7. Bb5 Nf6 8. Bg5 fxe4 9. Bxc6+ bxc6 10. Nxe4 d5
11. Nxf6+ gxf6 12. Bh4 Be7 13. O-O Bg4 14. h3 Bh5 15. Re1 Kf7 16. Nxe5+ fxe5 17. Qxh5+ Kg7 18. Qxe5+ Bf6 19. Bxf6+ Qxf6 20. Qg3+ Kf7
21. Qc7+ Kg6 22. Re3 Rhe8 23. Rg3+ Kh6 24. Rg4 Re7 25. Qg3 Re5 26. Rh4+ Rh5 27. Rxh5+ Kxh5 28. Re1 Rf8 29. Qg4+ Kh6 30. Re6
1-0

[Event "All Day Permanent Red "]
[Site "SchemingMind.com"]
[Date "2006.10.13"]
[Round "-"]
[White "Robert Pallett"]
[Black "dogod"]
[Result "1-0"]
[WhiteCountry "ENG"]
[BlackCountry "USA"]
[WhiteElo "2279"]
[WhiteRD "66"]
[BlackElo "1121"]
[BlackRD "84"]
[GameID "71828"]

1. e4 e5 2. Nf3 Nf6 3. Nxe5 Nxe4 4. Qe2 Ng5 5. Nc6+ Qe7 6. Nxe7 Bxe7 7. d4 Nc6 8. Bxg5 f6 9. Be3 d5 10. Nc3 Nb4
11. Nb5 O-O 12. a3 Nc6 13. Nxc7 Rb8 14. Qh5 g6 15. Qxd5+ Kh8 16. Bh6 Rd8 17. Qf7 Bg4 18. Qg7#
1-0

[Event "All Day Permanent Red "]
[Site "SchemingMind.com"]
[Date "2006.10.15"]
[Round "-"]
[White "Sibahi"]
[Black "Ilang"]
[Result "0-1"]
[WhiteCountry "KSA"]
[BlackCountry "HUN"]
[WhiteElo "1348"]
[WhiteRD "75"]
[BlackElo "2218"]
[BlackRD "73"]
[GameID "71975"]

1. d4 d5 2. c4 dxc4 3. Nc3 a6 4. e4 b5 5. a4 Bb7 6. Nf3 e6 7. Be2 b4 8. Nb1 c5 9. Bxc4 cxd4 10. Qe2 Nf6
11. Bg5 h6 12. Bh4 g5 13. Bg3 Nxe4 14. O-O Nxg3 15. fxg3 Qb6 16. Kh1 Bg7 17. Qf2 O-O 18. Nbd2 Nd7 19. b3 d3 20. Rac1 Qxf2
21. Rxf2 Rac8 22. Rff1 Rfd8 23. h3 Bc3 24. Kh2 Nb6 25. Rf2 e5 26. Nxe5 Bxe5 27. Rxf7 Nxc4 28. Rxb7 Nxd2 29. Rxc8 Rxc8 30. h4 Nf1+
31. Kh3 Ne3 32. Rb6 d2 33. hxg5 d1=Q 34. Rg6+ Kf8
0-1

[Event "All Day Permanent Red "]
[Site "SchemingMind.com"]
[Date "2006.10.14"]
[Round "-"]
[White "fishofchaos"]
[Black "heuschrecke"]
[Result "0-1"]
[WhiteCountry "ENG"]
[BlackCountry "GER"]
[WhiteElo "1557"]
[WhiteRD "58"]
[BlackElo "2172"]
[BlackRD "87"]
[GameID "71976"]

1. d4 Nf6 2. c4 e6 3. Nc3 Bb4 4. Nf3 b6 5. a3 Bxc3+ 6. bxc3 Ne4 7. Qc2 f5 8. g3 Bb7 9. Bg2 Nc6 10. O-O Na5
11. Qd3 O-O 12. Bf4 Ba6 13. Nd2 d5 14. Nxe4 fxe4 15. Qd1 Bxc4 16. Bh3 Qe7 17. Qa4 Bxe2 18. Rfc1 g5 19. Bd2 Nc4 20. Be3 Nxe3
21. fxe3 Qf6 22. Qd7 Qf2+ 23. Kh1 Bf3+ 24. Bg2 Qxg2#
0-1

[Event "All Day Permanent Red "]
[Site "SchemingMind.com"]
[Date "2006.10.15"]
[Round "-"]
[White "Ilang"]
[Black "Sibahi"]
[Result "1-0"]
[WhiteCountry "HUN"]
[BlackCountry "KSA"]
[WhiteElo "2168"]
[WhiteRD "76"]
[BlackElo "1300"]
[BlackRD "80"]
[GameID "71982"]

1. e4 c5 2. c3 e6 3. d4 d5 4. exd5 exd5 5. Nf3 Bd6 6. dxc5 Bxc5 7. Bb5+ Bd7 8. Qxd5 Qe7+ 9. Be3 Bxb5 10. Qxc5 Qxc5
11. Bxc5 Nc6 12. Na3 Bd3 13. O-O-O O-O-O 14. Nd4 Be4 15. Nxc6 bxc6 16. Rxd8+ Kxd8 17. Rd1+ Ke8 18. Re1
1-0

[Event "All Day Permanent Red "]
[Site "SchemingMind.com"]
[Date "2006.10.15"]
[Round "-"]
[White "heuschrecke"]
[Black "fishofchaos"]
[Result "1-0"]
[WhiteCountry "GER"]
[BlackCountry "ENG"]
[WhiteElo "2172"]
[WhiteRD "87"]
[BlackElo "1557"]
[BlackRD "58"]
[GameID "71983"]

1. e4 c5 2. Nf3 e6 3. d4 cxd4 4. Nxd4 Nf6 5. Nc3 d6 6. g4 h6 7. h3 Nc6 8. Be3 a6 9. f4 d5 10. Bg2 Nxd4
11. Qxd4 Be7 12. exd5 Rb8 13. O-O-O O-O 14. d6 Bxd6 15. Qxd6 Qxd6 16. Rxd6 b5 17. g5 hxg5 18. fxg5 Nd7 19. Ba7 Bb7 20. Bxb8 Bxg2
21. Rh2 Nxb8 22. Rxg2 g6 23. Ne4 Rc8 24. Rgd2 Nc6 25. Rxc6 Rxc6 26. Rd8+ Kg7 27. Nf6
1-0

[Event "All Day Permanent Red "]
[Site "SchemingMind.com"]
[Date "2006.10.15"]
[Round "-"]
[White "cleverman"]
[Black "Apocalypse"]
[Result "0-1"]
[WhiteCountry "USA"]
[BlackCountry "USA"]
[WhiteElo "1665"]
[WhiteRD "86"]
[BlackElo "1863"]
[BlackRD "66"]
[GameID "72112"]

1. e4 c5 2. Nf3 d6 3. d4 cxd4 4. Nxd4 Nf6 5. Nc3 a6 6. Be2 e5 7. Nb3 Be7 8. Be3 Be6 9. f3 d5 10. exd5 Bxd5
11. Qd2 Nc6 12. O-O-O Bb4 13. a3 Bxc3 14. Qxc3 Rc8 15. Qd2 Bxb3 16. cxb3 Nd5 17. Kb1 Nxe3 18. Qxe3 Qc7 19. Bd3 O-O 20. Rc1 Rcd8
21. g4 Qd6 22. Rhd1 Qf6 23. Ka2 Nd4 24. Qe4 g6 25. Rf1 b5 26. f4 exf4 27. Rxf4 Qd6 28. Rcf1 Ne6
0-1

[Event "All Day Permanent Red "]
[Site "SchemingMind.com"]
[Date "2006.10.16"]
[Round "-"]
[White "Orange Lion"]
[Black "Chess Tiger"]
[Result "0-1"]
[WhiteCountry "NED"]
[BlackCountry "GER"]
[WhiteElo "2231"]
[WhiteRD "74"]
[BlackElo "2359"]
[BlackRD "68"]
[GameID "72113"]

1. e4 e5 2. f4 exf4 3. Nf3 g5 4. h4 g4 5. Ne5 Nf6 6. d4 d6 7. Nd3 Nxe4 8. Bxf4 Bg7 9. c3 O-O 10. Nd2 Re8
11. Nxe4 Rxe4+ 12. Kf2 c5 13. dxc5 dxc5 14. g3 c4 15. Bg2 Re8 16. Nb4 Qb6+ 17. Kf1 Na6 18. Nxa6 Bf5 19. Nb4 Rad8 20. Bd5 a5
21. Bg5 axb4 22. Bxd8 Rxd8 23. a4 Qe3 24. Qe1 Qd3+ 25. Qe2 Qxd5 26. Kg1 bxc3 27. bxc3 Bxc3 28. Ra2 Be5 29. a5 Re8
0-1

[Event "All Day Permanent Red "]
[Site "SchemingMind.com"]
[Date "2006.10.16"]
[Round "-"]
[White "Lee Shuck"]
[Black "thinkfirst29"]
[Result "0-1"]
[WhiteCountry "ENG"]
[BlackCountry "USA"]
[WhiteElo "1287"]
[WhiteRD "65"]
[BlackElo "1578"]
[BlackRD "72"]
[GameID "72114"]

1. e3 d5 2. d4 Nc6 3. Nc3 Nf6 4. Nf3 Bg4 5. Be2 Qd7 6. O-O h5 7. Bb5 h4 8. Ne5 Bxd1 9. Nxd7 Kxd7 10. Rxd1 h3
11. g3 a6 12. Ba4 e6 13. f3 Bd6 14. e4 dxe4 15. fxe4 b5 16. Bb3 Ng4 17. Bf4 Rh5 18. a4 Bxf4 19. gxf4 Rah8 20. d5 exd5
21. exd5 Ne7 22. axb5 axb5 23. Nxb5 Ne3 24. Re1 N3xd5 25. Ra7 Rc8 26. Rd1 Kc6 27. Nd4+ Kb6 28. Rda1 Nxf4 29. Bxf7 Rg5+ 30. Kf1 Rg2
31. Ne6 Nxe6 32. Bxe6 Rf8+ 33. Ke1 Rg1+ 34. Ke2 Rxa1 35. Rxa1 Nc6 36. c4 Re8 37. Re1 Rxe6+ 38. Kf1 Rxe1+ 39. Kxe1 Kc5 40. b3 Kb4
0-1

[Event "All Day Permanent Red "]
[Site "SchemingMind.com"]
[Date "2006.10.15"]
[Round "-"]
[White "Apocalypse"]
[Black "cleverman"]
[Result "1-0"]
[WhiteCountry "USA"]
[BlackCountry "USA"]
[WhiteElo "2261"]
[WhiteRD "112"]
[BlackElo "1638"]
[BlackRD "79"]
[GameID "72116"]

1. d4 e6 2. c4 Nf6 3. g3 Nc6 4. Bg2 b6 5. e4 Bb7 6. e5 Ng8 7. Nc3 Nge7 8. Nf3 d6 9. exd6 cxd6 10. O-O Ng6
11. d5 Nce5 12. dxe6 fxe6 13. Nxe5 Bxg2 14. Qa4+ Bc6 15. Qxc6+ Ke7 16. Bg5#
1-0

[Event "All Day Permanent Red "]
[Site "SchemingMind.com"]
[Date "2006.10.16"]
[Round "-"]
[White "Chess Tiger"]
[Black "Orange Lion"]
[Result "1-0"]
[WhiteCountry "GER"]
[BlackCountry "NED"]
[WhiteElo "2359"]
[WhiteRD "68"]
[BlackElo "2231"]
[BlackRD "74"]
[GameID "72117"]

1. e4 e6 2. d4 d5 3. Nd2 Nf6 4. e5 Nfd7 5. Bd3 c5 6. c3 Nc6 7. Ne2 Qb6 8. Nf3 cxd4 9. cxd4 f6 10. exf6 Nxf6
11. O-O Bd6 12. Nc3 O-O 13. Be3 Bd7 14. a3 Kh8 15. Rc1 Rac8 16. Ne5 Be8 17. Na4 Qd8 18. f4 Bh5 19. Qe1 Ng4 20. b4 Qe8
21. Nc5 Qe7 22. Nb3 Nxe3 23. Qxe3 Nxe5 24. dxe5 Rxc1 25. Rxc1 Bb8 26. Qh3 Qf7 27. Rf1 a5 28. Nc5 Ba7 29. g4 Bg6 30. f5 exf5
31. gxf5 Bh5 32. e6 Qe8 33. Kh1
1-0

[Event "All Day Permanent Red "]
[Site "SchemingMind.com"]
[Date "2006.10.16"]
[Round "-"]
[White "thinkfirst29"]
[Black "Lee Shuck"]
[Result "1-0"]
[WhiteCountry "USA"]
[BlackCountry "ENG"]
[WhiteElo "1578"]
[WhiteRD "72"]
[BlackElo "1287"]
[BlackRD "65"]
[GameID "72118"]

1. e4 e5 2. Nf3 Nf6 3. Nc3 Nc6 4. Bc4 Nxe4 5. Nxe4 d6 6. d3 d5 7. Bxd5 Qxd5 8. O-O Bg4 9. Nc3 Qe6 10. Re1 O-O-O
11. Be3 Bb4 12. a3 Ba5 13. b4 Bb6 14. Bxb6 cxb6 15. b5 a6 16. bxc6 Qxc6 17. Ne4 b5 18. Nd4 Qg6 19. f3 Bh3 20. Ng3 Bd7
21. Rxe5 Qd6 22. Re4 Qc5 23. Kh1 g6 24. c4 f5 25. Rh4 b4 26. Nb3 Qe7 27. Rd4 Ba4 28. Rxd8+ Rxd8 29. c5 bxa3 30. Rxa3 Rd4
31. Qe2 Qxe2 32. Nxe2 Rh4 33. Nc3 Bc6 34. d4 g5 35. d5 Bd7 36. Na5 f4 37. c6 bxc6 38. dxc6 Bf5 39. Ne4 g4 40. Nd6+ Kc7
41. Nxf5 Rh5 42. fxg4 Rg5 43. h3 h5 44. Nh6 Kc8 45. Rf3 Rxa5 46. Rxf4 Rc5 47. Ng8 Rxc6 48. Ne7+
1-0

[Event "All Day Permanent Red "]
[Site "SchemingMind.com"]
[Date "2006.10.16"]
[Round "-"]
[White "asperse"]
[Black "PackoJones1000"]
[Result "0-1"]
[WhiteCountry "ENG"]
[BlackCountry "ESP"]
[WhiteElo "1370"]
[WhiteRD "71"]
[BlackElo "2233"]
[BlackRD "70"]
[GameID "72228"]

1. f4 Nf6 2. e3 d5 3. Nf3 Bg4 4. b3 Nc6 5. Be2 Qd7 6. h3 Bxf3 7. Bxf3 e5 8. Bb2 e4 9. Bg4 Nxg4 10. Qxg4 O-O-O
11. Qxd7+ Rxd7 12. Na3 a6 13. O-O-O Nb4 14. Kb1 Bc5 15. Bxg7 Rg8 16. Bd4 Bxd4 17. exd4 Rxg2 18. d3 exd3 19. cxd3 Rxa2 20. Rc1 Rxa3
0-1

[Event "All Day Permanent Red "]
[Site "SchemingMind.com"]
[Date "2006.10.18"]
[Round "-"]
[White "markjburden"]
[Black "Alejandro Ramirez"]
[Result "1/2-1/2"]
[WhiteCountry "GBR"]
[BlackCountry "CRC"]
[WhiteElo "1687"]
[WhiteRD "65"]
[BlackElo "1578"]
[BlackRD "106"]
[GameID "72229"]

1. d4 d5 2. Bg5 Nf6 3. f3 h6 4. Bh4 Nbd7 5. e3 c6 6. Bd3 Qb6 7. Qc1 c5 8. Ne2 c4 9. Bf5 e6 10. Bh3 g5
11. Bf2 h5 12. g3 Bb4+ 13. c3 Bd6=
1/2-1/2

[Event "All Day Permanent Red "]
[Site "SchemingMind.com"]
[Date "2006.10.16"]
[Round "-"]
[White "ivan"]
[Black "colonia"]
[Result "0-1"]
[WhiteCountry "CRO"]
[BlackCountry "GER"]
[WhiteElo "1537"]
[WhiteRD "76"]
[BlackElo "2185"]
[BlackRD "83"]
[GameID "72230"]

1. e4 c6 2. d4 d5 3. Nc3 dxe4 4. Nxe4 Bf5 5. Bd3 Bxe4 6. Bxe4 Nf6 7. Bf3 e6 8. Ne2 Bd6 9. Bf4 Qc7 10. Bxd6 Qxd6
11. O-O O-O 12. Nc3 Nbd7 13. Ne4 Nxe4 14. Bxe4 Rad8 15. c3 Nf6 16. Bf3 e5 17. Re1 exd4 18. Qxd4 Qxd4 19. cxd4 Rxd4 20. Re7 Rd7
21. Rae1 Rxe7 22. Rxe7 Re8 23. Rxe8+ Nxe8 24. Kf1 Kf8 25. Ke2 Ke7 26. Kd3 Kd6 27. Kd4 Nf6 28. b4 Nd7 29. Be4 h6 30. f4 Nf6
31. Bf3 Nd5 32. Bxd5 cxd5 33. g4 g5 34. f5 b5 35. a3 f6 36. h3 a6 37. Kd3 Ke5 38. Ke3 d4+ 39. Kd3 Kd5 40. Kd2 Kc4
41. Kc2 d3+
0-1

[Event "All Day Permanent Red "]
[Site "SchemingMind.com"]
[Date "2006.10.16"]
[Round "-"]
[White "PackoJones1000"]
[Black "asperse"]
[Result "1-0"]
[WhiteCountry "ESP"]
[BlackCountry "ENG"]
[WhiteElo "2230"]
[WhiteRD "72"]
[BlackElo "1408"]
[BlackRD "73"]
[GameID "72238"]

1. e4 c5 2. Nf3 d6 3. d4 cxd4 4. Nxd4 Nf6 5. Nc3 Nc6 6. Be2 e6 7. Be3 Be7 8. O-O O-O 9. Kh1 h6 10. f4 e5
11. Nb3 exf4 12. Bxf4 b6 13. Nd4 Nxd4 14. Qxd4 Bb7 15. Rad1 a5 16. e5 dxe5 17. Qxe5 Qe8 18. Bb5 Bc6 19. Bxc6 Qxc6 20. Qxe7 Nh5
21. Bd6 Rad8 22. Ba3 Rxd1 23. Qxf8+ Kh7 24. Rxd1 Qg6 25. Qe8 Nf4 26. Qe4
1-0

[Event "All Day Permanent Red "]
[Site "SchemingMind.com"]
[Date "2006.10.18"]
[Round "-"]
[White "Alejandro Ramirez"]
[Black "markjburden"]
[Result "0-1"]
[WhiteCountry "CRC"]
[BlackCountry "GBR"]
[WhiteElo "1578"]
[WhiteRD "106"]
[BlackElo "1687"]
[BlackRD "65"]
[GameID "72239"]

1. c4 g6 2. Nc3 Bg7 3. d4 c6 4. e4 d6 5. Nf3 Bg4 6. Be2= Bxf3 7. Bxf3 Nd7 8. Be3 Qc7 9. O-O e5 10. d5 Ngf6
11. dxc6 bxc6 12. Qd2 h6 13. Rad1 Ke7 14. b4 g5 15. b5 g4
0-1

[Event "All Day Permanent Red "]
[Site "SchemingMind.com"]
[Date "2006.10.16"]
[Round "-"]
[White "colonia"]
[Black "ivan"]
[Result "1-0"]
[WhiteCountry "GER"]
[BlackCountry "CRO"]
[WhiteElo "2170"]
[WhiteRD "80"]
[BlackElo "1575"]
[BlackRD "76"]
[GameID "72240"]

1. e4 e5 2. Nc3 Nf6 3. Bc4 Nc6 4. d3 Bb4 5. Ne2 d6 6. a3 Bc5 7. Na4 Bb6 8. Nxb6 axb6 9. O-O O-O 10. f4 Bg4
11. Qe1 Bxe2 12. Qxe2 Qd7 13. h3 Rfe8 14. fxe5 Nxe5 15. Bb3 c5 16. Bg5 Qd8 17. Bxf6 gxf6 18. Rf5 Kf8 19. Qe3 Ke7 20. Raf1 Kd7
21. Rxf6 Kc7 22. c3 Rg8 23. d4 Nd7 24. Rxf7 Qe8 25. e5 Kb8 26. e6 Nf8 27. Qf3 Ng6 28. Qxb7#
1-0

[Event "All Day Permanent Red "]
[Site "SchemingMind.com"]
[Date "2006.10.17"]
[Round "-"]
[White "olivsan"]
[Black "loco61"]
[Result "0-1"]
[WhiteCountry "BRA"]
[BlackCountry "ENG"]
[WhiteElo "1451"]
[WhiteRD "89"]
[BlackElo "1574"]
[BlackRD "66"]
[GameID "72359"]

1. e4 e5 2. Nf3 Nc6 3. Bc4 h6 4. O-O Nf6 5. d3 Bc5 6. Nc3 d6 7. a3 O-O 8. Nd5 Nxd5 9. Bxd5 Nd4 10. Nxd4 Bxd4
11. c3 Bb6 12. Qf3 c6 13. Bb3 Qe7 14. Re1 Be6 15. Bxe6 fxe6 16. Qe2 Rf6 17. Be3 Bxe3 18. Qxe3 b6 19. f3 d5 20. b4 Rd8
21. Rad1 d4 22. cxd4 exd4 23. Qc1 e5 24. Qc4+ Kf8 25. h3 Rdd6 26. Qa6 Rg6 27. Qc8+ Kf7 28. g4 Qh4 29. Qf5+ Rdf6 30. Qd7+ Kg8
31. Qe8+ Kh7 32. Qxe5 Rxf3 33. Kg2 Qxh3+
0-1

[Event "All Day Permanent Red "]
[Site "SchemingMind.com"]
[Date "2006.10.17"]
[Round "-"]
[White "loco61"]
[Black "olivsan"]
[Result "1/2-1/2"]
[WhiteCountry "ENG"]
[BlackCountry "BRA"]
[WhiteElo "1574"]
[WhiteRD "66"]
[BlackElo "1451"]
[BlackRD "89"]
[GameID "72365"]

1. e4 e5 2. Nf3 Nc6 3. Bc4 Qe7 4. Nc3 Nf6 5. d3 d6 6. h3 Bd7 7. Bg5 Be6 8. Bb5 Qd7 9. Nd5 Bxd5 10. Bxf6 Be6
11. Nxe5 dxe5 12. Bxe5 a6 13. Bxc6 Qxc6 14. O-O f6 15. Bg3 O-O-O 16. Qe2 Bc5 17. a3 g5 18. b4 Bd4 19. Rab1 f5 20. exf5 Bxf5
21. Qe7 Rd7 22. Qxg5 Rf8 23. Qd2 Rdf7 24. Kh2 Qd5 25. c4 Qc6 26. f3 Re7 27. Rbe1 Rfe8 28. Rxe7 Rxe7 29. Qg5 Qf6 30. Qxf6 Bxf6
31. Rd1 Rd7 32. d4 c6 33. d5 Bg7 34. d6 Bf8 35. c5 Bc2 36. Re1 Bf5=
1/2-1/2

[Event "All Day Permanent Red "]
[Site "SchemingMind.com"]
[Date "2006.10.18"]
[Round "-"]
[White "surfnsuds"]
[Black "pwwaring"]
[Result "0-1"]
[WhiteCountry "USA"]
[BlackCountry "USA"]
[WhiteElo "1360"]
[WhiteRD "110"]
[BlackElo "1686"]
[BlackRD "92"]
[GameID "72504"]

1. e4 c5 2. d4 cxd4 3. Qxd4 Nc6 4. Qe3 Nf6 5. Nc3 e5 6. Nf3 d5 7. Qd3 d4 8. Ne2 Nb4 9. Qb5+ Bd7 10. Qxe5+ Qe7
11. Nexd4 Qxe5 12. Nxe5 Bc5 13. Nxd7 Bxd4 14. Nxf6+ Bxf6 15. Bd3 Rc8 16. Kd1 O-O 17. a3 Nxd3 18. cxd3 Rfd8 19. Ke2 Rc2+ 20. Ke3 Bd4+
21. Kf3 Rxf2+ 22. Kg3 Rc8 23. Bf4 Rcc2 24. Rab1 Rxg2+ 25. Kh3 Bxb2 26. Bb8 a6 27. Rhg1 Rxg1 28. Rxg1 Rd2 29. Rg3 Bxa3 30. Be5 f6
31. Bc3 Rf2 32. Be1 Re2 33. Rg1 Bc5 34. Rf1 Re3+
0-1

[Event "All Day Permanent Red "]
[Site "SchemingMind.com"]
[Date "2006.10.18"]
[Round "-"]
[White "desmondw"]
[Black "markagodfrey"]
[Result "0-1"]
[WhiteCountry "IRL"]
[BlackCountry "GBR"]
[WhiteElo "1710"]
[WhiteRD "71"]
[BlackElo "2131"]
[BlackRD "72"]
[GameID "72505"]

1. d4 Nf6 2. Nf3 g6 3. Nc3 d5 4. Bf4 Bg7 5. e3 O-O 6. Bd3 c5 7. b3 Nc6 8. O-O Nh5 9. Be5 Nxe5 10. dxe5 Bg4
11. h3 Bxf3 12. Qxf3 Bxe5 13. Bxg6 fxg6 14. Qxd5+ Qxd5 15. Nxd5 Bxa1 16. Nxe7+ Kg7
0-1

[Event "All Day Permanent Red "]
[Site "SchemingMind.com"]
[Date "2006.10.18"]
[Round "-"]
[White "pwwaring"]
[Black "surfnsuds"]
[Result "1-0"]
[WhiteCountry "USA"]
[BlackCountry "USA"]
[WhiteElo "1686"]
[WhiteRD "92"]
[BlackElo "1360"]
[BlackRD "110"]
[GameID "72507"]

1. e4 e5 2. Nf3 d6 3. d4 exd4 4. Nxd4 Nf6 5. Nc3 Nc6 6. Bb5 Bd7 7. O-O Qe7 8. Re1 O-O-O 9. Nxc6 bxc6 10. Ba6+ Kb8
11. Qd4 Qe5 12. Qb4+
1-0

[Event "All Day Permanent Red "]
[Site "SchemingMind.com"]
[Date "2006.10.21"]
[Round "-"]
[White "heuschrecke"]
[Black "C. H. O'D. Schlechter"]
[Result "1/2-1/2"]
[WhiteCountry "GER"]
[BlackCountry "USA"]
[WhiteElo "2328"]
[WhiteRD "75"]
[BlackElo "2320"]
[BlackRD "65"]
[GameID "72769"]

1. e4 e5 2. Nf3 Nc6 3. Bb5 a6 4. Ba4 Nf6 5. O-O Be7 6. Re1 b5 7. Bb3 d6 8. c3 O-O 9. d4 Bg4 10. Be3 exd4
11. cxd4 Na5 12. Bc2 c5 13. h3 Bh5 14. g4 Bg6 15. Nbd2 Re8 16. e5 dxe5 17. dxc5 Nc6 18. Bxg6 hxg6 19. Qb3 Qc7 20. Ng5 Rf8
21. Nge4 Rfd8 22. Nxf6+ gxf6 23. Ne4 Na5 24. Qc2 Nc4 25. b3 Nxe3 26. fxe3 b4 27. Rac1 Rac8 28. Rf1 Qc6 29. h4 Kg7 30. Qg2 Rh8=
31. h5 a5 32. Rc2 Rhd8 33. h6+=
1/2-1/2